| 000 | 00654nam a2200229Ia 4500 | ||
|---|---|---|---|
| 005 | 20260429112024.0 | ||
| 008 | 260429s9999||||xx |||||||||||||| ||und|| | ||
| 020 | _a9781032314815 | ||
| 041 | _aEnglish | ||
| 082 |
_a370.1 _bCHA |
||
| 100 | _aCharman, Karen | ||
| 245 | 0 |
_aTheorising public pedagogy : _bthe educative agent in the public realm / _cKaren Charman |
|
| 250 | _a1st ed. | ||
| 260 |
_aNew York : _bRoutledge, _c2024. |
||
| 300 | _aix, 102 p.; hb | ||
| 440 | _aRoutledge Research in Education | ||
| 650 | _a Educational theory | ||
| 650 | _a Social learning | ||
| 650 | _aPublic pedagogy | ||
| 700 | _a Dixon, Mary | ||
| 942 | _cTB | ||
| 999 |
_c51935 _d51935 |
||